Náš život časopis Matice slovenskej v Juhoslávii

Bibliographic Details
New Title:Nový život
Format: Serial
Language:Slovak
PhysicalDescription:10 zv. 23 cm
Published: Petrovec Matica slovenská v Juhoslávii 1933-1947
ISSN:0351-3610
Subjects:

MARC

LEADER 00000cas a2200000 a 4500
001 vtls009630487
003 SK-MaSNL
005 20260228161506.0
008 181004d19331947rb br 000 b0slo c
040 |a SVKPO  |b slo  |c SVKPO  |d SNK  |e AACR2 
041 0 |a slo 
043 |a e-yu--- 
044 |a rb  |c RS 
072 7 |a 82  |x Literatúra. Literárny život  |2 konspekt 
072 7 |a 316.7  |x Sociológia kultúry. Kultúrny život  |2 konspekt 
072 7 |a 323  |x Vnútropolitický vývoj, politický život  |2 konspekt 
080 |a (497.1)  |2 2011 
080 |a 314.15-026.49(051)+(054)  |2 2011 
080 |a 82  |2 2011 
080 |a 316.7  |2 2011 
080 |a 050  |2 2011 
080 |a 323.15  |2 2011 
080 |a (=162.4)  |2 2011 
080 |a 82(051)  |2 2011 
245 0 0 |a Náš život  |b časopis Matice slovenskej v Juhoslávii 
260 |a Petrovec  |b Matica slovenská v Juhoslávii  |c 1933-1947 
300 |a 10 zv.  |c 23 cm 
310 |a 4x ročne  |b 1933-1940 
321 |a 6x ročne  |b 1946-1947 
362 0 |a Roč. I, č. 1 (1933)-roč. X, č. 1-6 (1947) 
500 |a V r. 1941-1945 titul nevydali 
500 |a Podnázov od r. 1946: časopis Matice slovenskej vo FĽR Juhoslávii 
500 |a Súčasťou titulu v každom roku je ... Výročná zpráva Matice slovenskej v Juhoslávii na rok ... 
650 0 7 |a literatúra  |2 SNKPH  |9 1427 
650 0 7 |a kultúra  |2 SNKPH  |9 886 
650 0 7 |a Slováci v zahraničí  |2 SNKPH  |9 14695 
651 7 |a Juhoslávia  |2 SNKPH  |9 22118 
655 7 |a krajanské periodiká  |2 SNKPH  |9 110004 
655 7 |a literárne časopisy  |2 SNKPH  |9 125450 
785 0 0 |t Nový život  |x 0351-3610  |w vtls001362247 
910 |a snk 
916 |a 1933-1947 
999 |c 5539  |d 7469 
952 |0 0  |1 0  |4 0  |7 0  |8 3  |a SNK  |b SNK  |d 2009-12-15  |i snkK 3065/67  |l 0  |o snkČSC 303/3/1935 D1  |p 17A0636330  |r 2026-02-21 19:31:22  |t č. 1-4  |w 2026-02-21  |y PREZ  |z Obs.: III. Výročná zpráva Matice slovenskej v Juhuslávii na rok 1934-35 
952 |0 0  |1 0  |4 0  |7 0  |8 3  |a SNK  |b SNK  |d 2011-10-20  |i snkK 1995/67  |l 0  |o snkČSC 303/2/1934 D1  |p 17A0709911  |r 2026-02-21 20:29:43  |t č. 1-4  |w 2026-02-21  |y PREZ  |z Obs.: II. Výročná zpráva Matice slovenskej v Juhoslávii na rok 1933-34 
952 |0 0  |1 0  |4 0  |7 0  |8 1  |a SNK  |b SNK  |d 2012-02-21  |i snkD 942/65  |l 0  |o snkČSC 303/5/1937 D3  |p 17A7633060  |r 2026-02-21 20:40:23  |t č. 1-4, neúplné  |w 2026-02-21  |y PREZ  |z Chýba č. 1, 3-4 ; Obs.: V. Výročná zpráva Matice slovenskej v Juhoslávii na rok 1936-37 
952 |0 0  |1 0  |4 0  |7 0  |8 3  |a SNK  |b SNK  |d 2012-02-21  |i snkK 3459/74  |l 0  |o snkČSC 303/7/1939 D1  |p 17A7632962  |r 2026-02-21 20:40:23  |t č. 1-4  |w 2026-02-21  |y PREZ  |z Obs.: VII. Výročná zpráva Matice slovenskej v Juhoslávii na rok 1938-39 
952 |0 0  |1 0  |4 0  |7 0  |8 3  |a SNK  |b SNK  |d 2012-02-21  |i snkK 773/77  |l 0  |o snkČSC 303/1(9)/1946 D1  |p 17A7632963  |r 2026-02-21 20:40:23  |t č. 1-6  |w 2026-02-21  |y PREZ  |z Obs.: X. Výročná zpráva Matice slovenskej vo FĽR Juhoslávii na rok 1945-46 
952 |0 0  |1 0  |4 0  |7 0  |8 3  |a SNK  |b SNK  |d 2012-02-17  |i snkK 109/84  |l 0  |o snkČSC 303/1/1933 D2  |p 17A7633528  |r 2026-02-21 20:40:27  |t č. 1-4  |w 2026-02-21  |y PREZ  |z Obs.: I. Výročná zpráva Matice slovenskej v Juhoslávii na rok 1932-33 
952 |0 0  |1 0  |4 0  |7 0  |8 3  |a SNK  |b SNK  |d 2012-02-17  |i snkK 88/74  |l 0  |o snkČSC 303/2/1934 D2  |p 17A7633527  |r 2026-02-21 20:40:27  |t č. 1-4  |w 2026-02-21  |y PREZ  |z Obs.: II. Výročná zpráva Matice slovenskej v Juhoslávii na rok 1933-34 
952 |0 0  |1 0  |4 0  |7 0  |8 3  |a SNK  |b SNK  |d 2012-02-17  |i snkK 89/74  |l 0  |o snkČSC 303/3/1935/1 D2  |p 17A7633526  |r 2026-02-21 20:40:27  |t č. 1,3-4  |w 2026-02-21  |y PREZ 
952 |0 0  |1 0  |4 0  |7 0  |8 3  |a SNK  |b SNK  |d 2012-02-22  |i snkK 774/77  |l 0  |o snkČSC 303/10/1947 D1  |p 17A0887048  |r 2026-02-21 20:40:31  |t č. 1-6  |w 2026-02-21  |y PREZ  |z Obs.: XI. Výročná zpráva Matice slovenskej vo FĽR Juhoslávii na rok 1946-47 
952 |0 0  |1 0  |4 0  |7 0  |8 5  |a SNK  |b SNK  |d 2012-02-17  |i snkF 3511/88  |l 0  |o snkČSC 303/4/1936 D2  |p 17A7633525  |r 2026-02-21 20:40:31  |t č. 1-4  |w 2026-02-21  |y PREZ  |z Obs.: IV. Výročná zpráva Matice slovenskej v Juhoslávii na rok 1935-36 
952 |0 0  |1 0  |4 0  |7 0  |8 3  |a SNK  |b SNK  |d 2008-03-17  |i snkK 3460/74  |l 0  |o snkČSC 303/8/1940 D1  |p 17A0579114  |r 2026-02-21 20:49:28  |t č. 1-4, neúplné  |w 2026-02-21  |y PREZ  |z Chýba č. 2-3 
952 |0 0  |1 0  |4 0  |7 0  |a SNK  |b SNK  |d 1999-02-01  |f 1  |i snk 547/43  |l 0  |o snkČSC 303/8/1940  |p 17A0178523  |r 2005-01-02 00:00:00  |t č. 1-4  |w 2026-02-21  |y PREZ 
952 |0 0  |1 0  |4 0  |7 0  |a SNK  |b SNK  |d 2002-04-10  |f 1  |i snk 2062/38  |l 0  |o snkČSC 303/2/1934  |p 17A0339961  |r 2005-01-02 00:00:00  |t č. 1-4  |w 2026-02-21  |y PREZ  |z Obs.: II. Výročná zpráva Matice slovenskej v Juhoslávii na rok 1933-34 
952 |0 0  |1 0  |4 0  |7 0  |a SNK  |b SNK  |d 2002-04-10  |f 1  |i snk 1420/38  |l 0  |o snkČSC 303/5/1937  |p 17A0339962  |r 2005-01-02 00:00:00  |t č. 1-4  |w 2026-02-21  |y PREZ  |z Obs.: V. Výročná zpráva Matice slovenskej v Juhoslávii na rok 1936-37 
952 |0 0  |1 0  |4 0  |7 0  |8 3  |a SNK  |b SNK  |d 2003-07-09  |f 1  |i snkK 3458/74  |l 0  |o snkČSC 303/6/1938  |p 17A0388835  |r 2005-01-02 00:00:00  |t č. 1-4  |w 2026-02-21  |y PREZ  |z Obs.: VI. Výročná zpráva Matice slovenskej v Juhoslávii na rok 1937-38 
952 |0 0  |1 0  |4 0  |7 0  |a SNK  |b SNK  |d 2005-09-09  |f 1  |i snk 3793/35  |l 0  |o snkČSC 303/1/1933  |p 17A0483753  |r 2026-02-21 21:40:11  |t č. 1-4  |w 2026-02-21  |y PREZ  |z Obs.: I. Výročná zpráva Matice slovenskej v Juhoslávii na rok 1932-33 
952 |0 0  |1 0  |4 0  |7 0  |a SNK  |b SNK  |d 2018-10-02  |f 1  |i snk 1418/38  |l 0  |o snkČSC 303/3/1935  |p 17A0735131  |r 2026-02-21 21:50:13  |t č. 1-4  |w 2026-02-21  |y PREZ  |z Obs.: III. Výročná zpráva Matice slovenskej v Juhuslávii na rok 1934-35 
952 |0 0  |1 0  |4 0  |7 0  |8 3  |a SNK  |b SNK  |d 2018-10-02  |f 1  |i snkK 3456/74  |l 0  |o snkČSC 303/4/1936  |p 17A0735130  |r 2026-02-21 21:50:13  |t č. 1-4  |w 2026-02-21  |y PREZ  |z Obs.: IV. Výročná zpráva Matice slovenskej v Juhoslávii na rok 1935-36 
952 |0 0  |1 0  |4 0  |7 0  |a SNK  |b SNK  |d 2018-10-02  |f 1  |l 0  |o snkČSC 303/7/1939  |p 17A0735128  |r 2026-02-21 21:50:13  |t č. 1-4  |w 2026-02-21  |y PREZ  |z Obs.: VII. Výročná zpráva Matice slovenskej v Juhoslávii na rok 1938-39 
952 |0 0  |1 0  |4 0  |7 0  |a SNK  |b SNK  |d 2018-10-02  |f 1  |i snk 1022/51  |l 0  |o snkČSC 303/10/1947  |p 17A0735126  |r 2026-02-21 21:50:13  |t č. 1-6  |w 2026-02-21  |y PREZ  |z Obs.: XI. Výročná zpráva Matice slovenskej vo FĽR Juhoslávii na rok 1946-47 
952 |0 0  |1 0  |4 0  |7 0  |8 5  |a SNK  |b SNK  |d 2018-10-02  |i snkF 1454/88  |l 0  |o snkČSC 303/1(9)/1946 D2  |p 17A1325745  |r 2026-02-21 21:50:13  |t č. 1-6  |w 2026-02-21  |y PREZ  |z Obs.: X. Výročná zpráva Matice slovenskej vo FĽR Juhoslávii na rok 1945-46 
952 |0 0  |1 0  |4 0  |7 0  |8 5  |a SNK  |b SNK  |d 2018-10-04  |i snkF 1572/88  |l 0  |o snkČSC 303/3/1935/2 D2  |p 17A1325750  |r 2026-02-21 21:50:15  |t č. 2  |w 2026-02-21  |y PREZ  |z Obs.: III. Výročná zpráva Matice slovenskej v Juhuslávii na rok 1934-35 
952 |0 0  |1 0  |4 0  |7 0  |8 3  |a SNK  |b SNK  |d 2018-10-04  |i snkK 2547/63  |l 0  |o snkČSC 303/5/1937/1 D2  |p 17A1325751  |r 2026-02-21 21:50:15  |t č. 3-4  |w 2026-02-21  |y PREZ 
952 |0 0  |1 0  |4 0  |7 0  |8 5  |a SNK  |b SNK  |d 2018-10-04  |i snkF 1579/88  |l 0  |o snkČSC 303/5/1937/2 D2  |p 17A1325752  |r 2026-02-21 21:50:15  |t č. 1-2  |w 2026-02-21  |y PREZ  |z Obs.: V. Výročná zpráva Matice slovenskej v Juhoslávii na rok 1936-37 
952 |0 0  |1 0  |4 0  |7 0  |8 3  |a SNK  |b SNK  |d 2018-10-03  |i snkK 3457/74  |l 0  |o snkČSC 303/1/1933 D1  |p 17A1325746  |r 2026-02-21 21:50:19  |t č. 1-4  |w 2026-02-21  |y PREZ  |z Obs.: I. Výročná zpráva Matice slovenskej v Juhoslávii na rok 1932-33 
952 |0 0  |1 0  |4 0  |7 0  |8 5  |a SNK  |b SNK  |d 2018-10-03  |i snkF 3409/78  |l 0  |o snkČSC 303/4/1936 D1  |p 17A1325747  |r 2026-02-21 21:50:19  |t č. 1-4  |w 2026-02-21  |y PREZ  |z Obs.: IV. Výročná zpráva Matice slovenskej v Juhoslávii na rok 1935-36 
952 |0 0  |1 0  |4 0  |7 0  |8 3  |a SNK  |b SNK  |d 2018-10-03  |i snkK 87/74  |l 0  |o snkČSC 303/5/1937 D1  |p 17A1325748  |r 2026-02-21 21:50:19  |t č. 1-4  |w 2026-02-21  |y PREZ  |z Obs.: V. Výročná zpráva Matice slovenskej v Juhoslávii na rok 1936-37 
952 |0 0  |1 0  |4 0  |7 0  |a SNK  |b SNK  |d 2018-10-03  |l 0  |o snkČSC 303/6/1938/1 D1  |p 17A0735129  |r 2026-02-21 21:50:20  |t č. 2  |w 2026-02-21  |y PREZ  |z Obs.: VI. Výročná zpráva Matice slovenskej v Juhoslávii na rok 1937-38 
952 |0 0  |1 0  |4 0  |7 0  |8 5  |a SNK  |b SNK  |d 2018-10-03  |i snkF 1317/88  |l 0  |o snkČSC 303/6/1938/2 D1  |p 17A1325749  |r 2026-02-21 21:50:20  |t č. 3-4  |w 2026-02-21  |y PREZ 
952 |0 0  |1 0  |4 0  |7 0  |a SNK  |b SNK  |d 2018-10-03  |f 1  |i snk 1307/47  |l 0  |o snkČSC 303/1(9)/1946  |p 17A0755340  |r 2026-02-21 21:50:20  |t č. 1-6  |w 2026-02-21  |y PREZ  |z Obs.: X. Výročná zpráva Matice slovenskej vo FĽR Juhoslávii na rok 1945-46 
952 |0 0  |1 0  |4 0  |7 0  |a SNK  |b SNK  |d 2018-10-03  |i snk 3459/47  |l 0  |o snkČSC 303/1(9)/1946 D3  |p 17A0735127  |r 2026-02-21 21:50:20  |t č. 1-6  |w 2026-02-21  |y PREZ  |z Obs.: X. Výročná zpráva Matice slovenskej vo FĽR Juhoslávii na rok 1945-46